<?xml version="1.0" encoding="UTF-8"?><?xml-stylesheet type="text/xsl" href="static/style.xsl"?><OAI-PMH xmlns="http://www.openarchives.org/OAI/2.0/" xmlns:xsi="http://www.w3.org/2001/XMLSchema-instance" xsi:schemaLocation="http://www.openarchives.org/OAI/2.0/ http://www.openarchives.org/OAI/2.0/OAI-PMH.xsd"><responseDate>2026-04-13T01:18:07Z</responseDate><request verb="GetRecord" identifier="oai:www.recercat.cat:2072/43803" metadataPrefix="marc">https://recercat.cat/oai/request</request><GetRecord><record><header><identifier>oai:recercat.cat:2072/43803</identifier><datestamp>2026-01-15T11:51:48Z</datestamp><setSpec>com_2072_1758</setSpec><setSpec>com_2072_5211</setSpec><setSpec>col_2072_1759</setSpec></header><metadata><record xmlns="http://www.loc.gov/MARC21/slim" xmlns:dcterms="http://purl.org/dc/terms/" xmlns:xsi="http://www.w3.org/2001/XMLSchema-instance" xmlns:doc="http://www.lyncode.com/xoai" xsi:schemaLocation="http://www.loc.gov/MARC21/slim http://www.loc.gov/standards/marcxml/schema/MARC21slim.xsd">
   <leader>00925njm 22002777a 4500</leader>
   <datafield ind2=" " ind1=" " tag="042">
      <subfield code="a">dc</subfield>
   </datafield>
   <datafield ind2=" " ind1=" " tag="720">
      <subfield code="a">Penalva Halpin, Anna Livia</subfield>
      <subfield code="e">author</subfield>
   </datafield>
   <datafield ind2=" " ind1=" " tag="720">
      <subfield code="a">Hortós Alsina, Miquel</subfield>
      <subfield code="e">author</subfield>
   </datafield>
   <datafield ind2=" " ind1=" " tag="720">
      <subfield code="a">Luo Tao, Kaixi</subfield>
      <subfield code="e">author</subfield>
   </datafield>
   <datafield ind2=" " ind1=" " tag="260">
      <subfield code="c">2010-02-10T09:46:59Z</subfield>
   </datafield>
   <datafield ind2=" " ind1=" " tag="520">
      <subfield code="a">Treball de recerca realitzat per alumnes d'ensenyament secundari i guardonat amb un Premi CIRIT per fomentar l'esperit científic del Jovent l'any 2009. Aquest treball consisteix en la creació d'una pàgina web de difusió científica sobre la malària i la tasca d'investigació del doctor Pedro Alonso. Es tracta de la continuació de la participació dels autors en el projecte Investiga la Investigació (www.investigalainvestigacio.cat), organitzat des de l'Euro Science Open Forum (ESOF2008) i que consistia en treballar conjuntament amb altres instituts de Catalunya per fer un reportatge al voltant d'un científic de renom, utilitzant les noves tecnologies digitals. La pàgina web creada -www.sobremalaria.co.cc- està estructurada en 3 apartats: en primer lloc, la presentació del projecte i l'explicació de la metodologia de treball, després el recull de la documentació del treball (informació sobre la malària, entrevistes...) i per últim un vídeo divulgatiu sobre la malària, producte del projecte Investiga la Investigació.</subfield>
   </datafield>
   <datafield ind2=" " ind1=" " tag="520">
      <subfield code="a">Research project carried out by pupils of secondary education and rewarded with a Prize CIRIT to foster the scientific spirit of the Youth in year 2009. This work consists in the creation of a web page for the scientific diffusion about the malaria and the task of research of the doctor Pedro Alonso. It consists in the continuation of our participation in the project Investigates the Research (www.investigalainvestigacio.cat), organized by the Euro Science Open Forum (ESOF2008) and that it consisted on working a report together with other high schools of Catalonia to make about a scientist of renown, using the new digital technologies. The web page -www.sobremalaria.co.cc- it is structured in 3 sections: in first place, the presentation of the project and the explanation of the methodology of work, afterwards the collection of the documentation of the work (information about the malaria, interviews...) and finally an informative video about the malaria, product of the project Investigates the Research.</subfield>
   </datafield>
   <datafield ind1="8" ind2=" " tag="024">
      <subfield code="a">http://hdl.handle.net/2072/43803</subfield>
   </datafield>
   <datafield ind2="0" ind1="0" tag="245">
      <subfield code="a">Sobrequés la malària</subfield>
   </datafield>
</record></metadata></record></GetRecord></OAI-PMH>